Normal view
MARC view
- Aditi Waghire - 2k181098 & Dr. Manasi Javadekar - Guide
Entry Personal Name
001 - CONTROL NUMBER
- control field: 105076
003 - CONTROL NUMBER IDENTIFIER
- control field: OSt
005 - DATE AND TIME OF LATEST TRANSACTION
- control field: 20221007221538.0
008 - FIXED-LENGTH DATA ELEMENTS
- fixed length control field: 221007|| aca||aabn | a|a d
040 ## - CATALOGING SOURCE
- Original cataloging agency: OSt
- Transcribing agency: OSt
100 ## - HEADING--PERSONAL NAME
- Personal name: Aditi Waghire - 2k181098 & Dr. Manasi Javadekar - Guide
670 ## - SOURCE DATA FOUND
- Source citation: Work cat.: (OSt)79976: Aditi Waghire - 2k181098 & Dr. Manasi Javadekar - Guide, A Study On Job Description Of Employee At Bauli India Pvt. Ltd., 2019